00250pam a2200097 a 4500020000500000041000500005082001300010245006500023260004800088300001600136 c h a708bRAZ aIndian Art I/ III The Moderns Revisited hTextual Documents a[s.l]:bVadhera Art Gallery , Delhi,c2006. a99:bpaper.